000 00486nam a2200205Ia 4500
008 230125s9999 xx 000 0 und d
041 _aeng
082 _a371.425
_bPHI
100 _aPhirke S
_9113907
245 _aWay to Bright Future
250 _a1st Ed.
260 _c2007
_bGlobal Knowledge Mission
_aPune
300 _a436p
440 _v1
500 _acareer guidance
650 _aGeneral
700 _aPhirke S
_9113907
906 _b75
999 _c91181
_d91181